Т. 121, № 3; Физика металлов и металловедение

Bibliografiske detaljer
Parent link:Физика металлов и металловедение/ Российская академия наук (РАН), Уральское отделение (УрО), Институт физики металлов (ИФМ). Т. 121, № 3.— , 1955-.— 0015-3230
Summary:Режим доступа: по договору с организацией-держателем ресурса
Sprog:russisk
Udgivet: 2020
Online adgang:https://elibrary.ru/contents.asp?id=42414176
Format: MixedMaterials Electronisk Bog
KOHA link:https://koha.lib.tpu.ru/cgi-bin/koha/opac-detail.pl?biblionumber=585260

MARC

LEADER 00000nam2a2200000 4500
001 585260
005 20231101131240.0
035 |a (RuTPU)RU\TPU\prd\287620 
035 |a RU\TPU\prd\287412 
090 |a 585260 
100 |a 20200323a19559999k y0rusy50 ca 
101 0 |a rus 
102 |a RU 
181 0 |a i  
182 0 |a b 
200 0 |a Т. 121, № 3  |b Электронный ресурс 
203 |a Текст  |c электронный 
210 |d 2020 
333 |a Режим доступа: по договору с организацией-держателем ресурса 
461 1 |0 (RuTPU)RU\TPU\prd\406  |x 0015-3230  |t Физика металлов и металловедение  |f Российская академия наук (РАН), Уральское отделение (УрО), Институт физики металлов (ИФМ)  |v Т. 121, № 3  |d 1955- 
801 0 |a RU  |b 63413507  |c 20010227  |g PSBO 
801 1 |a RU  |b 63413507  |c 20170713 
801 2 |a RU  |b 63413507  |c 20200323  |g RCR 
856 4 0 |u https://elibrary.ru/contents.asp?id=42414176 
942 |c BK